Chaine de mots avec lettres obligatoires #3 - Statistiques

Statistiques générales
  • Ce quiz a été pris 97 fois
  • Le résultat moyen est 10 sur 20
Statistiques - réponses
Définition Réponse % Correct
Ni bronzez, ni argentez Dorez
97%
Ni positif ni négatif, c'est la position de se chiffre Zero
94%
NRJ, Fun, Nostalgi, Skyrock par exemple Radio
80%
Dodécagone c'est dix, mais que dit-on pour 8 Octo
77%
Certains reçoivent un César d'autres c'est un Oscar
77%
Anagramme du premier mot qui devient une préfecture Rodez
72%
L'une des capitales de la Scandinavie Oslo
71%
Capitale du Sénégal Dakar
64%
Agrémenter, égayer Orner
52%
L'île de Tanzanie la plus connue par excellence Zanzibar
50%
Quelque chose de démodé et sans intérêt Ringard
49%
Activité, outils anti otites ou sirop limonade au bar Diabolo
41%
Autre nom du rendez vous amoureux Rencard
41%
Dit de quelqu'un respectant ces engagements Reglo
34%
Footballeur du LOSC prénommé Jonathan David
24%
Ville du 64 dans l'arrondissement de Pau Orthez
20%
Mot de 9 lettres, qui est le verbe le plus long pour un palindrome Ressasser
20%
Grande ville de Croatie qui n'est pas la capitale Zadar
20%
Se soumettre à Obtempérer
17%
L'euro en France, mais qu'est ce qu'on a en Afrique du Sud Rand
17%
Aucun quiz correspondant
Distribution des résultats
% des personnes avec chaque résultat
Percentile par nombre de réponses
Votre historique - résultats
Vous n’avez pas pris ce quiz